| 000 | 00706nam a22001817a 4500 | ||
|---|---|---|---|
| 005 | 20260415113955.0 | ||
| 008 | 240814b ||||| |||| 00| 0 eng d | ||
| 082 |
_22023 _aUT |
||
| 100 |
_aRamillano, Yvon Mae C. _957548 |
||
| 245 |
_aIot based smart pig waste cleaner using arduino / _cYvon Mae C. Ramillano, MArk Gil S. Cobol, and Christ Stewart Jay A. Taub |
||
| 260 |
_aDigos City : _bUMDC, _c©July 2023. |
||
| 300 |
_ax, 53 pages : _c30 cm. _billustrations (some colors) ; |
||
| 500 | _aIncludes references and appendices. | ||
| 650 |
_aInformation Technology. _xUndergraduate Thesis. _957549 |
||
| 700 |
_aCobol, Mark Gil S. _957550 |
||
| 700 |
_aTaub, Christ Stewart Jay A. _957551 |
||
| 942 |
_2ddc _cUT |
||
| 999 |
_c20392 _d20392 |
||